01115nam a22002894a 4500003000900000008004100009020001800050040002500068041001800093080001200111100002300123245001200146250002200158264003300180300004000213336001000253337002000263338001400283500006900297520020500366521001500571650003800586700004000624942001400664999001300678952013400691AR-BaSMT240619t2008 uka|||cr|||| 000 1 eng d a9780746096123 aBSGBbespañolerda aenghinglés a82=111 1 aMason, Conrad94971 aMacbeth aprimera edición1 aLondres : bUsborne, c2008. a64 páginasbilustraciones a color aTexto aSin mediación aVolúmen aRetold by Conrad Mason. Based on the play by William Shakespeare aMacbeth is the bravest general in Scotland, and a loyal servant of King Duncan. But then he heart that one day, he coult be king himself. Mad with ambition, Macbeth sets out on a bloody path to power. aSecundaria 79166aLITERATURAvTeatroxInglés1 aUnzner, Christa, eIlustradora9496 2udcaBOOK c670d670 00102ddc40aBSGBbBSGBcLiteratura en Inglés SecundariaeCompra feria del libro 2026i001033l0o82=11 SHAp001033t1yBOOKf